| 000 | 00521nam a22001697a 4500 | ||
|---|---|---|---|
| 005 | 20231208082730.0 | ||
| 008 | 231208b |||||||| |||| 00| 0 eng d | ||
| 020 | _a9780409016314 ; 9780409016284 | ||
| 041 | _aEnglish | ||
| 082 | _a349 BUT | ||
| 100 | _lEnglish | ||
| 245 |
_aButterworths Forms and Precedents : _bLaw of Persons and the Family |
||
| 260 |
_aDurban : _bLexisNexis, _c2012 |
||
| 300 |
_bix, 246 pages ; _c26 cm. |
||
| 650 |
_aLegal practice _bLaw |
||
| 942 |
_cBK _6ALISON_BN_VRIES |
||
| 999 |
_c1166 _d1166 |
||